000 005060000a22001570004500
090 _aAR
_b00376
245 1 0 _aEcological fisheries management using individual transferable share quotas
650 1 4 _aValoración económica de los recursos
_993121
650 1 4 _aIncentivos económicos
_993303
650 1 4 _aManejo de ecosistemas
_992251
650 1 4 _aPesca
_992853
041 0 _aInglés
100 1 _aArnason, Ragnar
_993304
942 _cARTICULO
773 1 _tEcological Applications
_3153
_h1
_q151-159
_d1998
_g8
999 _c9473
_d9473